00271nam a2200121Ia 4500003000400000008004100004082001600045100001800061245002500079260002500104300000800129650001200137OSt191201s2007 xx 000 0 und d a658.40bBUS aBUSINESS WEEK 0aStrategy Power Plays aNew DelhibTMHc2007 a246 aApplied